LEADER 01373nam a2200301 i 4500 001 000000022741 003 CaOOAMICUS 005 20200427161147.0 008 180830s18861888it u000 u ita u 040 $aSeMil$bita 100 1 $aFird?s?,$d.$0(OLS)http://semarc/name/103920 240 10$aShahname.$0(OLS)http://semarc/title/30467 245 13$aIl libro dei re :$bpoema epico /$cFirdusi ; recato dal persiano in versi italiani da Italo Pizzi. 260 $aTorino :$bVincenzo Bona,$c1886-1888. 300 $a8 v. ;$c20 cm. 650 4$aLetteratura persiana.$0(OLS)http://semarc/subject/3549 700 1 $aPizzi, Italo <1849-1920>.$0(OLS)http://semarc/name/10182 774 0 $aFird?s? $tVol. 1.$w()65435 774 0 $aFird?s? $tVol. 2.$w()206684 774 0 $aFird?s? $tVol. 3.$w()206687 774 0 $aFird?s? $tVol. 4.$w()206688 774 0 $aFird?s? $tVol. 5.$w()206689 774 0 $aFird?s? $tVol. 6.$w()206690 774 0 $aFird?s? $tVol. 7.$w()206691 774 0 $aFird?s? $tVol. 8.$w()206692 996 $6245$aIl libro dei re :$bpoema epico$9(OLS)http://semarc/title/30466 996 $6260$aTorino :$bVincenzo Bona$9(OLS)http://semarc/publisher/35754 LEADER 00864nam a2200217 i 4500 001 000000182827 003 CaOOAMICUS 005 20091031000000.0 008 091031s1979 it u000 u ita u 013 $a160788 040 $aSeMil$bita 245 10$aEducazione degli adulti in Perù :$bun progetto per il Sud Andino. 260 $aBologna :$bEMI,$cstampa 1979. 300 $a139 p. ;$c19 cm. 490 0 $aQuaderni Asal ;$vNuova serie11. 650 4$aPerù.$0(OLS)http://semarc/subject/11152 830 0$aQuaderni Asal ;$vNuova serie11.$0(OLS)http://semarc/title/11326 850 $aSeMil 852 $aSeMil$W1$xVenegono$y1$m3E I 237$j133531$B133531$CSeMilBibl$Z2$F145301 $81 996 $6245$aEducazione degli adulti in Perù :$bun progetto per il Sud Andino$9(OLS)http://semarc/title/262349 996 $6260$aBologna :$bEMI$9(OLS)http://semarc/publisher/29618